00486nam a2200193 a 4500001001300000003000900013005001700022008004100039020001000080082001600090100001800106245002700124260004000151300000900191500003500200505001600235650002300251700001800274nice12345678IN_TiNIC20260116011516.0050524s1883 cala grp 000 0 per  ac10000a891.53bMOR aMorier, James aSarguzisht-E-Haji Baba aCalcuttabHablal Mateen Pressc1883 a460p aincludes index and biblioraphy2 aIndex, 145p aPersian Literature1 aMorier, James